| 000 | 01080nam a2200229Ia 4500 | ||
|---|---|---|---|
| 001 | L235-27332 | ||
| 003 | IT-CnALBA | ||
| 008 | 170116s9999||||xx |||||||||||||| ||und|| | ||
| 040 |
_aIT-CnALBA _cIT-CnALBA |
||
| 041 | _aITALIANO | ||
| 100 | _aGHIDELLI CARLO, SAC. | ||
| 245 | 0 | _aMAGNIFICAT: IL CANTICO DI MARIA, LA DONNA CHE HA CREDUTO. | |
| 250 | _a1a ed. | ||
| 260 |
_aCINISELLO BALSAMO (MI) _bEDIZIONI PAOLINE _c1990 [1° Ed.:1990 - Ed.Ling.Originale: 1990] |
||
| 300 | _a111 p. | ||
| 500 | _aIL MAGNIFICAT, CANTICO A TRE VOCI. DOCILITA' TOTALE. SGUARDO SU GESÙ. MODO NUOVO DI PREGHIERA. LO SPECCHIO DI MARIA. CRITERI E CONTENUTI. CONFRONTA DOCUMENTO 7421: DOPPIONE. | ||
| 501 | _aSocietà San Paolo EM - Piazza San Paolo, 14 - 12051 ALBA (CN) (non commercial uses only) ® Copyright 2017 | ||
| 520 | _aIL MAGNIFICAT, CANTICO A TRE VOCI. DOCILITA' TOTALE. SGUARDO SU GESÙ. MODO NUOVO DI PREGHIERA. LO SPECCHIO DI MARIA. CRITERI E CONTENUTI. CONFRONTA DOCUMENTO 7421: DOPPIONE. | ||
| 650 | _aMARIA SS. ANGELI SANTI DEMONI | ||
| 942 | _cBK | ||
| 957 | _71 | ||
| 999 |
_a32120 _bNO _g Copie: 1 _c286432 _d286432 |
||